ბათუმის შოთა რუსთაველის სახელმწიფო უნივერსიტეტის ბიბლიოთეკა

მინდვრის კულტურათა სელექცია და მეთესლეობა. (ბიბ.ჩანაწერი № 44671)

000 -LEADER
fixed length control field 00981nam a2200229Ia 4500
001 - CONTROL NUMBER
control field 11474
003 - CONTROL NUMBER IDENTIFIER
control field GE_BSU
008 - FIXED-LENGTH DATA ELEMENTS--GENERAL INFORMATION
fixed length control field 181216s||||||||xx |||||||||||||| ||und||
040 ## - CATALOGING SOURCE
Transcribing agency GE_BSU
080 ## - UNIVERSAL DECIMAL CLASSIFICATION NUMBER
Universal Decimal Classification number 633:631.527(076.5)+633:631.53.02(076.5)
100 ## - MAIN ENTRY--PERSONAL NAME
Personal name სიხარულიძე,მ; ე.ჩერნიში; პ.ნასყიდაშვილი.
245 ## - TITLE STATEMENT
Title მინდვრის კულტურათა სელექცია და მეთესლეობა.
245 ## - TITLE STATEMENT
Remainder of title პრაქტიკულ მეცადინეობათა სახელმძღვ.
245 ## - TITLE STATEMENT
Statement of responsibility, etc. რედ:ს.მეტრეველი.
260 ## - PUBLICATION, DISTRIBUTION, ETC.
Place of publication, distribution, etc. თბილისი.
260 ## - PUBLICATION, DISTRIBUTION, ETC.
Name of publisher, distributor, etc. ცოდნა.
260 ## - PUBLICATION, DISTRIBUTION, ETC.
Date of publication, distribution, etc. 1964.
300 ## - PHYSICAL DESCRIPTION
Extent 241გვ;22სმ.
300 ## - PHYSICAL DESCRIPTION
Accompanying material ილ;ტაბულები.
653 ## - INDEX TERM--UNCONTROLLED
Uncontrolled term მინდვრის კულტურათა სელექცია და მეთესლეობა.
942 ## - ADDED ENTRY ELEMENTS (KOHA)
Koha item type წიგნი
ეგზემპლარები
Withdrawn status Lost status Damaged status Not for loan Date acquired Barcode Date last seen Price effective from Koha item type
        2018-12-17 20188 2018-12-17 2018-12-17 წიგნი